00860nam a2200217Ii 450000100060000000300090000600800410001504000330005604100080008908200170009710000410011424501080015526400710026330000120033433600260034633700280037233800270040094000520042799900170047995201460049611235CO-ViMGA241108s9999||||xx |||||||||||||| ||und|| aCO-ViMGAbspaerdacCO-ViMGA0 aunk04a347.052-H5571 aGuillermo Hernández de Alba94752010aDefensa del General Antonio Nariño pronunciada ante el Senado de la República el 14 de Mayo de 1823 1a[Lugar de publicación no identificado] : Imprenta Nacional, 1980 avolumen atextbtxt2rdacontent aunmediatedbn2rdamedia avolumebnc2rdacarrier aidficha_siabuc: 10968. -- ficha_no_siabuc:11235 c52127d52127 001040708001aMEVIGERRbMEVIGERRcGENd2006-11-27hVol.1o347.052-H557pECA12436r2024-11-26 10:08:54tEj.1w2024-11-26yBKz10968 | 14835